| 000 | 00458 a2200157 4500 | ||
|---|---|---|---|
| 003 | NUST | ||
| 005 | 20230224122514.0 | ||
| 040 | _cNust | ||
| 082 | _a355.021,SHA | ||
| 100 |
_aShahnawaz, Mehser _9109563 |
||
| 245 |
_a Shujaat Ke Tare Watan Ke Sipahi (Vol-1) / شجاعت کے تارے وطن کے سپاہی (Urdu) / _cShahNawaz Mehser |
||
| 260 |
_aLahore _bThe Books _c2004 |
||
| 300 | _a202:P. | ||
| 650 |
_aPoetry _929982 |
||
| 942 |
_2ddc _cBK _k355.021,SHA |
||
| 999 |
_c188008 _d188008 |
||